000
00216 a2200097 4500
001
41026
100
_a
Simons Harry
245
_a
Advanced Accounting
260
_a
OHIO
_b
S W Publishers Co.
_c
090
_c
25260
_d
25260
942
_a
NUST-CAE
_c
M
_c
16959
999
_c
276099
_d
276099